[Event "SCG-ch 2nd"]
[Site "Pancevo"]
[Date "2006.03.06"]
[Round "8"]
[White "Abramovic, Bosko"]
[Black "Djukic, Nikola"]
[Result "1-0"]
[WhiteElo "2507"]
[BlackElo "2523"]
[Annotator "Krasenkow,M"]
[PlyCount "123"]
[EventDate "2006.02.27"]
[EventType "tourn"]
[EventRounds "13"]
[EventCountry "YUG"]
[EventCategory "11"]
[SourceTitle "CBM 112"]
[Source "ChessBase"]
[SourceDate "2006.06.07"]
[SourceVersion "1"]
[SourceVersionDate "2006.06.07"]
[SourceQuality "1"]

1. d4 Nf6 2. Nf3 g6 3. c4 Bg7 4. g3 O-O 5. Bg2 d5 6. O-O dxc4 7. Na3 c3 8. bxc3
c5 9. e3 Nc6 10. Qe2 Qa5 11. Bb2 Bf5 {This order of moves is considered
inaccurate.} 12. Nd2 $1 {[%cal Rd2b3]} Bg4 {An attempt to rehabilitate the
line. Black provokes f2-f3 to "shut up" White's g2 bishop. If White plays
f3-f4 later on, Black will be able to blockade these pawns (with ...f7-f5 etc.)
.} (12... Rad8 $2 13. Nb3 Qc7 14. Nxc5 b6 15. Nb3 e5 16. d5 Nb8 17. e4 Bc8 18.
Nb5 Ba6 19. c4 Qd7 20. a4 {1-0 Cosma,I-Lupulescu,C/Baile Tusnad 2001/ (31)}) (
12... cxd4 13. cxd4 Rac8 (13... Rfd8 14. Nb3 (14. Nac4 $5)) (13... Qb4 14. Nb3
Rfd8 15. e4 $1 Bg4 16. f3 Bd7 17. Rfd1 Rac8 18. Nc2 Qb6 19. Ne3 $1 Nb4 20. Nc5
Bb5 21. Qe1 Na6 22. e5 $1 Nd5 23. Nxd5 Rxd5 24. f4 Rdd8 25. Ba3 $16 {1-0
Rashkovsky,N-De Boer,G/Groningen 1990/CBM 022/[Ftacnik] (37)}) 14. Nb3 Qb6 (
14... Qb4 15. Rfc1 Be4 16. f3 Bd5 17. Nc5 Rfd8 18. Qf2 b6 19. Nd3 Qa4 20. Bf1
Nb4 21. Ne5 Nxa2 22. Rxc8 Rxc8 23. e4 Bb3 24. Bb5 Qb4 25. Nc6 $18 {1-0 Kharlov,
A-Gajsin,E/Tomsk 2004/CBM 102 (39)}) 15. Rfc1 Na5 16. Qb5 $5 Qxb5 17. Nxb5 Nc4
18. Nxa7 $1 Nxb2 19. Nxc8 Bxc8 20. Rc7 b6 21. Rxe7 $16 {1-0 Nogueiras,J-Zugic,
I/Montreal 2002/CBM 091/[Ftacnik] (39)}) 13. f3 Be6 14. Rfc1 (14. Rfb1 Rfd8 15.
Nb3 Bxb3 16. axb3 cxd4 17. cxd4 Rac8 18. f4 Nd5 19. Kh1 e6 20. Nc4 Qb5 21. Bf1
Ndb4 22. Ba3 Bf8 23. Qf2 Qd5+ 24. Bg2 Qb5 25. Bf1 Qd5+ 26. Bg2 Qb5 27. Bf1 Qd5+
{1/2-1/2 Bu Xiangzhi-Zhang Pengxiang/Tiayuan 2005/CBM 108}) 14... Qa4 {The
following series of White's moves doesn't look too impressive. It remains an
open question what to do instead as the position needs a serious analysis.
Here are some suggestions:} 15. Nb5 (15. Qb5 $5) (15. Nb3 $5 Bxb3 $140 16. axb3
Qxb3 17. c4 (17. Nc4) (17. e4)) 15... Ne8 16. f4 Rd8 17. Na3 $6 cxd4 18. Bxc6 {
Alas,} (18. cxd4 {runs into} Nxd4 $1) 18... bxc6 {Voluntarily destroying his
own pawn structure but... it's not a bad move!} (18... Qxc6 19. cxd4 Qd7 $15 {
was good for Black, of course.}) 19. cxd4 Rb8 $2 {Missing} (19... c5 $1 20.
Rxc5 Rxd4 $1 $15 {, which would justify 18...bxc6.}) 20. Nb3 Bxb3 21. axb3 Qxb3
{Black has temporarily won a pawn but his c6 and a7 pawns are doomed and his
g7 bishop is passive.} 22. Nc4 Nd6 23. Ba3 Nf5 24. Bc5 h5 25. Kf2 Qb7 26. Rxa7
Qc8 27. Qa2 (27. Nb6 Qe6 28. Nd7 Nxe3 $1 $132) 27... Qe6 28. Ne5 Rb3 $4 {
A blunder but White misses it, too.} (28... Qxa2+) 29. Ra3 $4 (29. d5 $1 Qxd5
30. e4 $1 $18) 29... Rxa3 $2 {Black consequently ignores the pawn structure
issue.} (29... Rfb8 {was quite appropriate as after} 30. Rxb3 Rxb3 31. d5 $4 {
was not possible anymore:} Qxd5 32. e4 $2 Rf3+) 30. Qxe6 fxe6 31. Bxa3 {
[%mdl 4096]} Ra8 (31... Bxe5 {was more accurate as after the text move White
has an additional possibility.}) 32. Rc3 (32. Nc4 $5 {[%csl Rg7]}) 32... Bxe5
33. dxe5 Kf7 34. Kf3 Ra6 35. Bc5 Ra2 36. e4 Nh6 37. h3 Ke8 38. Rb3 Rc2 39. Rb8+
Kf7 40. Be3 Ng8 41. g4 hxg4+ 42. hxg4 c5 43. Rc8 c4 44. Rc6 (44. g5 {looked
attractive, caging the g8 knight. Then White could easily win the c4 pawn and
prepare the f4-f5 break. However, it was not easy to evaluate his winning
chances over the board! Therefore he opted for another plan.}) 44... Rc3 45. f5
gxf5 46. gxf5 exf5 47. exf5 Rb3 48. Ke4 Kg7 49. Rxc4 Nh6 (49... Rb1 $140 50.
Rc6 $16) 50. Bxh6+ $1 {Going to the rook ending should be always
well-considered. This time White's evaluation was apparently right. According
to the monograph edited by GM Averbakh, such positions, with both white pawns
on the 5th rank, are "often winning". Well, not a very helpful hint in a
particular position...} (50. Bd4 {was not enough to win, e.g.} Rb1 $1 51. e6+
Kh7 52. f6 exf6 53. e7 Rb8 {etc.}) 50... Kxh6 51. Rc6+ (51. Rc7 Kg5 $1 52. Rxe7
(52. f6 exf6 53. e6 Rb5 $11) 52... Rb4+ 53. Kd5 Kxf5 54. Rf7+ Kg6 55. e6 Ra4 $1
$11) 51... Kg7 52. Rc7 Kf8 (52... Kf7 $4 53. f6) 53. Kf4 $4 (53. Kd5 $1 {
was correct:} Rb5+ (53... Rb6 54. Rc6) 54. Ke6 Rb6+ 55. Kd7 Kf7 $1 56. Rc8 $18
{-see below annotation to Black's 55th move. After the text move Black can
prevent the white king from invading to e6. Besides, he has an important
resoursce e7-e6, which, however, only works in a situation when Black can
immediately attack the white king from the rear after White plays f5-f6.})
53... Rb1 (53... Rb4+ {was an easy way to disrupt White's play:} 54. Ke3 (54.
Kg5 Re4 55. e6 Re1 56. Rc8+ Kg7 57. Re8 Rg1+ 58. Kf4 Rf1+ 59. Ke4 Re1+ 60. Kd5
Rd1+ 61. Kc6 Kf6) 54... Ra4 {. Now White must start pushing the black rook
away from the 4th rank:} 55. Rd7 Ke8 56. Rd4 {but after} Ra1 57. Rb4 Kf7 $1 {
, then continuing rear checks, Black should not lose.}) 54. Ke4 Rb6 {
"Lengthening" the rook didn't help Black:} (54... Ra1 55. Kd5 Ra5+ 56. Ke6 Ra6+
57. Kd7 Kf7 58. Rc8 Ra7+ 59. Kc6 Ra5 60. e6+ Kf6 61. Rf8+ Ke5 62. Kd7 {etc.}) (
54... e6 $1 {was the simplest way to a draw.} 55. f6 Re1+) 55. Kd5 (55. Kd4 Ra6
{and White can't improve his position.}) 55... e6+ $1 {Passive defense was
hopeless:} (55... Rb5+ 56. Ke6 Rb6+ 57. Kd7 Kf7 58. Rc8 (58. Ra7 Rb5) 58...
Rb7+ 59. Kc6 (59. Kd8 Rb5) 59... Ra7 (59... Rb1 60. e6+ Kg7 $2 61. Kd7 $18) 60.
e6+ Kf6 (60... Kg7 61. Rc7) 61. Rf8+ Ke5 62. Rf7 Ra6+ 63. Kd7 Ra7+ 64. Ke8 Kd6
65. Kf8 Ra8+ (65... Rb7 66. f6 $1 Rb8+ 67. Kg7 Rb7 68. Rf8 Kxe6 69. Re8 $18)
66. Kg7 Ke5 67. Rf8 Ra1 68. Kg6 Ra2 (68... Rg1+ 69. Kf7 Kxf5 70. Kxe7+ Ke5 71.
Rh8 Rg7+ 72. Kf8 $18) 69. Rb8 Ra7 (69... Ra1 70. f6 $1) 70. Rb5+ Kd6 71. f6 $1
$18) 56. Kc5 (56. fxe6 {is an easy theoretical draw.}) 56... Rb1 57. f6 Rd1 58.
Kb6 Rd5 $4 {Wrong! White easily pushes the black rook away from this square.} (
58... Re1 $1 59. Rc5 Kf7 60. Kc7 Re2 {and White can't improve his position.})
59. Rc5 $1 Rd1 (59... Rd8 60. Rc6 Kf7 61. Rc7+ Kg6 62. Kc6 Kf5 63. Rd7 Ra8 64.
Kd6 $18) 60. Rc8+ Kf7 61. Rc7+ Kg6 {Desperation.} (61... Kf8 62. Re7) 62. Rg7+
1-0

[Event "EU-Cup 23rd"]
[Site "Kemer"]
[Date "2007.10.09"]
[Round "7.2"]
[White "Georgiev, Kiril"]
[Black "Lupulescu, Constantin"]
[Result "0-1"]
[WhiteElo "2649"]
[BlackElo "2562"]
[Annotator "Krasenkow,M"]
[PlyCount "102"]
[EventDate "2007.10.03"]
[EventType "team-swiss"]
[EventRounds "7"]
[EventCountry "TUR"]
[SourceTitle "CBM 121"]
[Source "ChessBase"]
[SourceDate "2007.11.14"]
[SourceVersion "1"]
[SourceVersionDate "2007.11.14"]
[SourceQuality "1"]
[WhiteTeam "Alkaloid"]
[BlackTeam "Nagykanizsa"]
[WhiteTeamCountry "MKD"]
[BlackTeamCountry "HUN"]

1. d4 Nf6 2. c4 g6 3. Nf3 Bg7 4. g3 d5 5. Bg2 dxc4 6. Na3 O-O {This plan is
less popular than 6...c3 but it has its own merits.} 7. Nxc4 Nc6 8. O-O Be6 9.
b3 Bd5 10. Bb2 Qc8 (10... a5 {is more common.}) 11. e3 Rd8 12. Qe2 h6 (12...
Qe6 13. Rac1 a5 14. Nce5 $5 {[%cal Rf3g5]} Ne4 15. Nd3 Qd6 16. Nfe5 f5 17. f3
Ng5 18. Nc4 Qd7 19. Rfd1 Ne6 20. Nde5 Bxc4 21. Nxc4 b5 22. d5 bxc4 23. dxc6 Qe8
24. Bxg7 Nxg7 25. Qxc4+ $18 {1-0 Pfleger,H-Garcia Martinez,S/Camaguey 1974/EXT
2000 (28)}) (12... a5 13. a3 h6 14. Rac1 Qe6 15. Rfd1 {-game}) 13. Rfd1 {
Here is a game in which both sides tried different plans:} (13. Rac1 Qe6 14.
Rfe1 Rac8 $6 15. a3 (15. Nce5 Nxe5 16. Nxe5 Bxg2 17. Kxg2 c5 $1 {is the point
of Black's last move}) (15. Ncd2 $5) 15... Ne4 16. Red1 Nd6 17. Ne1 Nf5 18.
Bxd5 Rxd5 19. Qc2 Nd6 20. Nd3 g5 $6 (20... Qf5 $5) 21. Nd2 (21. Nce5 $1 $16)
21... Qg6 22. Nc5 Qxc2 23. Rxc2 e5 24. Nxb7 Nxb7 25. Rxc6 exd4 26. e4 (26. exd4
$16) 26... Rc5 27. Rc1 Rxc1+ 28. Rxc1 $6 (28. Bxc1) 28... c5 $14 {0-1 Van der
Vliet,F-Kortschnoj,V/Leeuwarden 1977/EXT 1998 (70)}) 13... Qe6 14. Rac1 a5 15.
a3 (15. Nce5 {is now quite harmless as there is no Nf3-g5 threat. Black can
play, say,} a4) 15... Ra6 $146 {With the idea to play ...Ra6-b6 if the white
knight moves away from c4. Black didn't equalize in the following game:} (15...
Be4 16. Bf1 g5 17. Ne1 g4 18. Nd2 Bd5 19. Nd3 Qf5 20. Nf4 e6 21. Nxd5 exd5 22.
Bg2 Ra6 23. e4 dxe4 24. Nxe4 $14 {1-0 Padevsky,N-Whiteley,A/Nice 1974/EXT 2000
(33)}) 16. Ne1 Bxg2 17. Nxg2 g5 18. Rd3 (18. f3 $142 $1 {[%cal Ye3e4]} g4 19.
Nf4 gxf3 20. Qxf3 Qe4 21. Qxe4 Nxe4 22. d5 $14) 18... Qf5 19. f3 g4 20. Nh4 $6
(20. fxg4 $142 Qxg4 21. Qxg4 Nxg4 22. Nf4 $14 {preventing ...e7-e5}) 20... Qe6
{There was no point avoiding the exchange of queens.} (20... gxf3 $142 $5 21.
Nxf5 fxe2 {and Black is OK}) 21. fxg4 Qxg4 22. Qg2 (22. Qxg4 Nxg4 23. Nf5 Bf8 {
[%cal Ye7e6]}) 22... Qe4 23. Qf1 e6 24. Nf3 Qd5 (24... Qf5 $5) 25. Nfe5 b5 26.
e4 $1 {An interesting attempt.} Qxe4 27. Nd2 Qd5 28. Rc5 Qd6 29. Rxb5 (29. Nxc6
Rxc6 30. Rxb5 Rc2 31. Nc4 Qc6 32. Rc5 Qe4 33. Re3 Qg6 34. Ne5 Qg5 $13) 29...
Nxe5 30. Rxe5 Nd7 (30... Nd5 31. Re1 $16) 31. Nc4 Qc6 32. d5 $5 Qc5+ $6 (32...
Nxe5 $5 33. dxc6 Nxd3 34. Bxg7 Kxg7 35. Ne5 $1 Nxe5 36. Qxa6 Rd2 37. Qf1 f6 (
37... Nxc6 $143 38. Qf4 $1 Nd4 39. Kh1 $1 Nxb3 40. Qg4+ Kf8 41. Qc4 Nd4 42.
Qxc7 {and White keeps some winning chances.}) 38. Qf4 Rc2 {and White can
hardly win}) 33. Bd4 Qf8 (33... Qe7 34. Re4 $16) 34. Ree3 $2 {Letting White's
advantage slip.} (34. Re4 $1 exd5 (34... Nc5 35. Rg4 $1) (34... Bxd4+ 35. Rdxd4
) 35. Bxg7 Kxg7 36. Rg4+ Rg6 37. Rxg6+ fxg6 38. Rxd5 $16 {[%csl Ra5,Rc7]})
34... Nc5 $1 35. Bxc5 $2 {There was no reason for panic.} ({After} 35. Rd1 exd5
36. Nxa5 Rxa5 37. b4 Bxd4 38. Rxd4 Ra6 39. bxc5 Qxc5 40. Qxa6 Qxd4 41. Qxh6 {
White holds on.}) 35... Qxc5 36. dxe6 Rxd3 37. Qxd3 Bd4 38. exf7+ Kf8 39. Kg2
Bxe3 40. Nxe3 {White's compensation for the exchange is insufficient.} Rf6 (
40... Rd6 $142 41. Qh7 Rd2+ 42. Kf3 Qh5+ 43. Ke4 Qg5 44. Qh8+ Kxf7 45. Qh7+ Qg7
46. Qf5+ Qf6 47. Qh7+ $6 Kf8 $19) 41. a4 Qc6+ 42. Kh3 Qe6+ 43. Kg2 Rxf7 44. Nc4
Qf5 45. Qe2 h5 46. Qd1 $2 (46. h4 $142) 46... h4 $19 47. Qd8+ Kg7 48. Qd4+ Kg8
49. Nd2 h3+ 50. Kg1 Qe6 (50... c5 $142 51. Qe3 Qf6 $19) 51. Qd8+ Kg7 (51... Kg7
52. Qg5+ Kf8 53. Qd8+ Qe8 54. Qxe8+ Kxe8 {leads to a winning endgame for Black.
}) 0-1

[Event "Krynica zt"]
[Site "Krynica"]
[Date "1998.09.03"]
[Round "2"]
[White "Marin, Mihail"]
[Black "Wojtkiewicz, Aleksander"]
[Result "1/2-1/2"]
[WhiteElo "2530"]
[BlackElo "2595"]
[Annotator "Marin,M"]
[PlyCount "69"]
[EventDate "1998.09.02"]
[EventType "swiss"]
[EventRounds "9"]
[EventCountry "POL"]
[SourceTitle "CBM 067"]
[Source "ChessBase"]
[SourceDate "1998.11.30"]
[SourceVersion "2"]
[SourceVersionDate "1998.11.01"]
[SourceQuality "1"]

1. c4 g6 2. d4 Bg7 3. g3 Nf6 4. Bg2 O-O 5. Nf3 d5 6. O-O dxc4 7. Na3 Nc6 8.
Nxc4 Be6 9. b3 Bd5 10. Bb2 a5 11. Rc1 a4 12. bxa4 Nd7 $5 {N} (12... Ra6) 13. e3
(13. Ne3 Be4 $1 (13... Bxa2 14. Ra1 Be6 15. Ng5 $16)) (13. Ne1 Bxc4 14. Rxc4
Nb6 15. Rxc6 bxc6 16. Bxc6 Ra6) 13... Bxc4 14. Rxc4 Nb6 15. Rc1 Rxa4 (15...
Nxa4 16. Ba1 Nb6 {Wojtkiewicz}) 16. a3 Qa8 $6 (16... Na5 $5 {Wojtkiewicz} 17.
Ne5 c6 (17... Bxe5 18. dxe5 Qxd1 19. Rfxd1 Nbc4 20. Bc3 $14) 18. Nd3 Nac4 (
18... Qa8 19. Bc3 Re8 20. Bb4 Nac4 21. Qb3 Nxa3 $2 22. Nc5) (18... Rc4 19. Bc3
Nd5 (19... Na4 20. Bxa5 Rxc1 21. Qxa4) 20. Bxa5 Rxc1 21. Bxd8 Rxd1 22. Rxd1
Rxd8 23. Rb1 Ra8 24. Bxd5 cxd5 25. Rxb7 Rxa3 26. Rb8+ Bf8 27. Ne5 Ra7 28. Rd8
e6 29. Nd7 $18) 19. Nc5 Nxb2 20. Qb3 Ra7 (20... Bxd4 21. exd4 Qxd4 22. Nxa4
N2xa4 23. Rfe1 Qf6 24. Re4 Ra8 25. Rf4 Qg7 26. Rb4) (20... e5 21. Qxb2 exd4 22.
Nxa4 Nxa4 23. Qxb7 d3 24. Qxc6 Nb2 25. Bf3 d2 26. Rb1) 21. Qxb2 Qc7 {/\Nd7=})
17. Nd2 Rd8 18. Qb3 Ra6 (18... e5 19. d5 Na5 20. Qb5 Rd7 21. Rc2) 19. Ne4 (19.
Bxc6 bxc6 20. Ne4 Na4 21. Bc3 $140 $6 c5 $1) 19... Na4 20. Nc5 Nxc5 (20... Rb6
21. Qxa4 Rxb2 22. Qxa8 Rxa8 23. Nxb7 $18) 21. Rxc5 $14 Na5 22. Qc2 c6 23. Bc3
$1 e6 24. Rb1 $2 (24. Bb4 Bf8 25. Rc3 Rd7 26. h4 $16 {פa5} h5 $6 (26... h6
$142 27. Bf3 Qd8 28. Kg2 Qf6 29. h5 g5 30. Rb1) (26... Rd8 27. Bf3 Rd7 28. Kg2
Rd8 29. h5 Rd7 30. hxg6 hxg6 31. Rh1 $40) 27. Bf3 Qa7 28. Kg2 Rd8 29. Qe4 Rb6 (
29... b6 30. Qc2) 30. g4 hxg4 31. Qxg4 Bxb4 32. axb4 Rxb4 33. h5 $18) 24... Bf8
$1 25. Rxa5 Rxa5 26. Bxa5 Qxa5 27. Rxb7 c5 $1 $15 28. Qd3 (28. dxc5 Qe1+ 29.
Bf1 Rd2) (28. Qe4 cxd4 29. Qf4 Qf5 30. Qxf5 gxf5 31. exd4 Rxd4 $15 {><f2})
28... cxd4 29. exd4 Qxa3 30. Qxa3 Bxa3 31. Ra7 Bb2 (31... Bf8 32. Bc6 Rxd4 (
32... Bg7 33. Ra8) (32... Rd6 33. Be8 f6 34. Rd7) 33. Be8 Bc5 34. Rc7) 32. Ra8
Rxa8 33. Bxa8 Bxd4 34. Kg2 Kg7 35. f4 1/2-1/2

[Event "London Classic 8th"]
[Site "London"]
[Date "2016.12.09"]
[Round "1"]
[White "Kramnik, Vladimir"]
[Black "Topalov, Veselin"]
[Result "1-0"]
[WhiteElo "2809"]
[BlackElo "2760"]
[Annotator "Meier,Georg"]
[PlyCount "55"]
[EventDate "2016.12.09"]
[EventType "tourn"]
[EventRounds "9"]
[EventCountry "ENG"]
[EventCategory "22"]
[SourceTitle "CBM 176"]
[Source "ChessBase"]
[SourceDate "2017.01.17"]
[SourceVersion "1"]
[SourceVersionDate "2017.01.17"]
[SourceQuality "1"]

1. Nf3 d5 2. g3 {To begin the game this modestly has become very popular. It's
an invitation to the Reti Opening, where computer preparation is not very
effective and there is plenty of room to get a positional game.} g6 {From a
theoretical standpoint, this is a clever choice. While White enjoys an array
of options against most other setups, here he will be quickly restricted. It's
either allowing Black to post a claim in the centre with e7-e5 or go into the
rock-solid Symmetrical Grünfeld. It's no coincidence that most of the players
in the London field see this line quite regularly in their games.} 3. Bg2 Bg7
4. d4 Nf6 5. O-O O-O 6. c4 {Kramnik has played this position so many times
that recently he felt compelled to toy with alternatives like 6.Nbd2 and even
6.c3.} c5 {A very odd choice to me. When Black keeps the centre closed, you
can barely feel White's extra tempo. Now that the position will open up,
speedy development matters and White's chances to get a real edge certainly
improve.} (6... c6) ({and} 6... dxc4 {are far and away the main options.}) 7.
dxc5 dxc4 8. Na3 c3 ({Symmetry won't work for too long:} 8... Na6 9. c6 c3 10.
Qxd8 Rxd8 11. bxc3 Ne4 12. Nd4 {leaves Black struggling.}) 9. Nb5 $1 {In a
moment we'll get to why this is so strong... but here I actually figured out
what Topalov is doing! After the first couple of times I played and lost to
Vladimir in Dortmund I shared my approach with a friend: I would come to the
game, let Vladimir show what he had prepared and then try and see how I would
fare against him at his best. My friend was certainly amused, likening this
ritual to a kind of fetish and closing with the remark: "Certainly there would
also be someone who would try to survive against the Terminator until the
stage of arguments!" To cut a long story short, if you ask Kramnik to show his
improvement in a type of position he likes anyway and you arrive empty-handed,
you won't make it far. As of late, Topalov has claimed that he does not take
tournaments as seriously as before. I believe it shows in moments like these.}
(9. Nd4 Nfd7 10. bxc3 Nxc5 {½-½ (73) Kramnik,V -Giri,A Leuven 2016, and
things worked out for Black.}) 9... cxb2 ({After} 9... Na6 10. Nxc3 Nxc5 11.
Be3 Nfe4 12. Nxe4 Nxe4 13. Bd4 {Black still has to tread carefully with the
Bg2 soon putting pressure on the black queenside.}) 10. Bxb2 $14 {Instead of
giving Black a nice spot for his knight on c5, Kramnik has kept his pawn there.
Supported by superior development, this pawn is an asset, ready to drive a
wedge into Black's queenside at any point.} Bd7 11. Qb3 Bc6 12. Rfd1 Qc8 $6 {
In the early years of my work with the now famous coach Vladimir Chuchelov I
tried to develop a mantra, that I consider still very helpful: When there is
an obvious natural move, try to make it work the best you can. Only if you are
then convinced it fails, look for something else. Chess is a game of harmony,
and I would feel compelled to consider the developing move 12...Nbd7 before
looking at something as clumsy as ...Qc8.} (12... Nbd7 13. Rac1 (13. Ne5 Bxg2
14. Kxg2 Qc8 15. Nxd7 Nxd7 16. Bxg7 Kxg7 17. Rac1 {White will keep trying, but
as so many pieces have come off, Black can breathe and gradually unravel.})
13... Qa5 14. Nbd4 $1 {The key is to break through on c6.} Bd5 15. Qa3 Qxa3 16.
Bxa3 Rfc8 (16... Rac8 17. Bh3 $1 e6 $2 18. c6 {[%csl Rf8]}) 17. c6 bxc6 18.
Bxe7 $14 {[%csl Rc6]}) 13. Rac1 {White's play flows naturally, while his
opponent must already feel cramped.} Nbd7 14. Nbd4 Bd5 15. Qa3 Re8 16. c6 $1 {
All of White's pieces stand well, there can be no other move. White creates
targets to exploit his far superior coordination.} Nb6 $2 (16... bxc6 17. Nxc6
Qb7 {was the only choice, but} 18. Bxf6 Nxf6 19. Nfe5 {leads to a grip that is
already hard to shake off.}) 17. c7 {It is very hard to sharpen play and go
for the throat, when continuing at a leisurely pace conserves a very large
advantage. While c7 is certainly a good move, it passes up on a decisive
assault, starting with} (17. Ng5 $1 h6 (17... Bxg2 18. Kxg2 bxc6 19. Qb3 e6 20.
Nxc6 Qb7 21. Kg1 Rac8 22. Ne5) 18. Bh3 Ng4 19. e4) 17... Nc4 18. Qb4 Nxb2 19.
Qxb2 b6 20. Qa3 $2 {This indecisive move opened a window of resistance for
Topalov, but he was not ready.} (20. Ne5 $1 Bxg2 21. Kxg2 Qb7+ 22. Kg1 Rac8 23.
Qb3 e6 24. Nb5 {is overwhelming} Ne4 25. Nc4 Bf8 26. Qf3 $18) 20... e6 $4 {
[%csl Rd6] Somehow, all 3 decisive games got decided by crude mistakes in this
round. But here I am sure Topalov was already despising his position in any
case. Still, when defending it is crucial to avoid making new weaknesses. The
new hole on d6 is too much for Black.} (20... Bh6 $142 $1 21. Rc2 Qb7 22. Bh3
$1 {White is ready to go to great lengths to provoke the weakening of the
d6-square.} e6 23. Nb5 {is of course no picnic either.}) (20... Qb7 21. Bh3 $1
e6 22. Ng5 h6 23. e4 Nxe4 24. Nxe4 Bxe4 25. Nb5 {looks winning}) 21. Nb5 Bf8
22. Qb2 Bg7 23. Qd2 Qd7 24. a4 {With Ne5 imminent, Black can't avoid
collapsing.} Ne4 25. Qf4 a6 26. Qxe4 axb5 27. Qd3 f5 28. Ng5 {A trademark game
by Kramnik! Powerful play with all the pieces, and only a short moment of
hesitation that didn't spoil anything this time.} (28. Ng5 bxa4 29. Nxe6 Bxe6
30. Qxd7 Bxd7 31. Rxd7 {and all White's pieces push the c-pawn through.}) 1-0